000 00631nam a22002177a 4500
942 _cBK
999 _c470
_d470
005 20250420134811.0
008 200716b ||||| |||| 00| 0 eng d
020 _a9781119020752
040 _cKCST
082 _a004.019
_bPr In
100 _aPreece, Jenny
_94621
245 _aInteraction design
_bbeyond human-computer interaction /
_cJenny Preece, Yvonne Rogers, Helen Sharp
250 _a4th edition
260 _aHoboken :
_bJohn Wiley & Sons:
_c2015.
300 _a566 p.
650 _aHuman-computer interaction.
_9732
700 _aRogers, Yvonne
_94622
700 _aSharp, Helen
_94623
942 _2ddc